01035pam a2200313 a 45000010005000000030006000050050017000110080041000280100017000690200027000860200029001130200018001420400023001600420009001830500016001920820011002081000027002192450091002462500041003372600037003783000040004155050007004555200148004625210018006105210018006286500023006466500022006697000030006915941FISKH20250709154521.0911220s1992 nyua j 000 1 eng  a 91051105  a0679819460 (trade ed.) a0679919465 (library ed.) a9780679819462 aDLCcDLCdDLCbeng alcac aPZ7.S1185 K a813.541 aSachar, Louisd(1954-)10aMarvin Redpost :bKidnapped at birth? /cby Louis Sachar ; illustrated by Neal Hughes. aThis edition first published in 1992 aNew York :bRandom House,c1992. a68 pages :billustrations ;c20 cm. aL  aRed-haired Marvin is convinced that the reason he looks different from the rest of his family is that he is really the lost prince of Shampoon.8 a520 bLexile 8 aL bRaz-Plus  1aRedheadsxFiction. 1aPrincesxFiction.1 aHughes, Nealeillustrator